Super Bowl record setters / (Record no. 416155)
[ view plain ]
| 000 -LEADER | |
|---|---|
| fixed length control field | 01767aam a2200445 i 4500 |
| 001 - CONTROL NUMBER | |
| control field | 23684428 |
| 005 - DATE AND TIME OF LATEST TRANSACTION | |
| control field | 20260203165401.0 |
| 008 - FIXED-LENGTH DATA ELEMENTS--GENERAL INFORMATION | |
| fixed length control field | 240510s2025 mnu j 000 0 eng |
| 010 ## - LIBRARY OF CONGRESS CONTROL NUMBER | |
| LC control number | 2024938339 |
| 020 ## - INTERNATIONAL STANDARD BOOK NUMBER | |
| International Standard Book Number | 9781098295431 |
| Qualifying information | (library binding) |
| 020 ## - INTERNATIONAL STANDARD BOOK NUMBER | |
| Cancelled/invalid ISBN | 9798384916437 |
| Qualifying information | (ebook) |
| 035 ## - SYSTEM CONTROL NUMBER | |
| System control number | (OCoLC)1492384369 |
| 040 ## - CATALOGING SOURCE | |
| Original cataloging agency | DLC |
| Language of cataloging | eng |
| Description conventions | rda |
| Transcribing agency | DLC |
| Modifying agency | TnLvILS |
| 042 ## - AUTHENTICATION CODE | |
| Authentication code | pcc |
| 092 ## - LOCALLY ASSIGNED DEWEY CALL NUMBER (OCLC) | |
| Classification number | junior nonfiction |
| Item number | J 796.33 Clarke |
| 100 1# - MAIN ENTRY--PERSONAL NAME | |
| Personal name | Clarke, David J., |
| Relator term | author. |
| 9 (RLIN) | 6537127 |
| 245 10 - TITLE STATEMENT | |
| Title | Super Bowl record setters / |
| Statement of responsibility, etc | by David J. Clarke. |
| 264 #1 - Production, Publication, Distribution, Manufacture, and Copyright Notice. | |
| Place of production, publication, distribution, manufacture | Minneapolis : |
| Name of producer, publisher, distributor, manufacturer | SportsZone/Abdo Publishing, a division of ABDO, |
| Date of production, publication, distribution, manufacture, or copyr | [2025] |
| 264 #4 - Production, Publication, Distribution, Manufacture, and Copyright Notice. | |
| Date of production, publication, distribution, manufacture, or copyr | ©2025. |
| 300 ## - PHYSICAL DESCRIPTION | |
| Extent | 48 pages : |
| Other physical details | color illustrations ; |
| Dimensions | 24 cm. |
| 336 ## - Content Type | |
| Content type term | text |
| 336 ## - Content Type | |
| Content type term | still image |
| 337 ## - Media type | |
| Media type term | unmediated |
| 338 ## - Carrier type | |
| Carrier type term | volume |
| 490 1# - SERIES STATEMENT | |
| Series statement | Best of the Super Bowl. |
| 500 ## - GENERAL NOTE | |
| General note | Includes index. |
| 520 ## - SUMMARY, ETC. | |
| Summary, etc | "[L]ooks at those who have stood out on football's biggest stage, from the offensive players who have rolled up big numbers to the teams and players who have performed feats never before seen on Super Bowl Sunday"-- |
| 521 ## - TARGET AUDIENCE NOTE | |
| Target audience note | 008-014. |
| 521 2# - TARGET AUDIENCE NOTE | |
| Target audience note | 3-9. |
| 611 20 - SUBJECT ADDED ENTRY--MEETING NAME | |
| Meeting name or jurisdiction name as entry element | Super Bowl |
| Form subdivision | Miscellanea |
| -- | Juvenile literature. |
| 9 (RLIN) | 6560409 |
| 611 21 - SUBJECT ADDED ENTRY--MEETING NAME | |
| Meeting name or jurisdiction name as entry element | Super Bowl |
| Form subdivision | Miscellanea. |
| 9 (RLIN) | 6560410 |
| 650 #0 - SUBJECT ADDED ENTRY--TOPICAL TERM | |
| Topical term or geographic name as entry element | Football |
| General subdivision | Records |
| Form subdivision | Juvenile literature. |
| 9 (RLIN) | 6560411 |
| 650 #0 - SUBJECT ADDED ENTRY--TOPICAL TERM | |
| Topical term or geographic name as entry element | Football |
| General subdivision | History |
| Form subdivision | Juvenile literature. |
| 9 (RLIN) | 6528527 |
| 650 #1 - SUBJECT ADDED ENTRY--TOPICAL TERM | |
| Topical term or geographic name as entry element | Sports records. |
| 9 (RLIN) | 5716088 |
| 650 #1 - SUBJECT ADDED ENTRY--TOPICAL TERM | |
| Topical term or geographic name as entry element | Football |
| General subdivision | History. |
| 9 (RLIN) | 84176 |
| 655 #7 - INDEX TERM--GENRE/FORM | |
| Genre/form data or focus term | Trivia and miscellanea. |
| Source of term | lcgft. |
| 9 (RLIN) | 5707535 |
| 655 #7 - INDEX TERM--GENRE/FORM | |
| Genre/form data or focus term | Informational works. |
| Source of term | lcgft. |
| 9 (RLIN) | 5784582 |
| 830 #0 - SERIES ADDED ENTRY--UNIFORM TITLE | |
| Uniform title | Best of the Super Bowl (SportsZone (Firm)) |
| 9 (RLIN) | 6560408 |
| 942 ## - ADDED ENTRY ELEMENTS (KOHA) | |
| Source of classification or shelving scheme | Dewey Decimal Classification |
| Koha item type | BOOK |
| Withdrawn status | Lost status | Source of classification or shelving scheme | Damaged status | Not for loan | Collection code | Home library | Current library | Shelving location | Date acquired | Source of acquisition | Total Checkouts | Total Renewals | Full call number | Barcode | Checked out | Date last seen | Date checked out | Cost, replacement price | Price effective from | Koha item type |
|---|---|---|---|---|---|---|---|---|---|---|---|---|---|---|---|---|---|---|---|---|
| Dewey Decimal Classification | Junior NonFiction | Wasatch County Library | Wasatch County Library | Second Floor | 02/03/2026 | KidsReference | 1 | 1 | J 796.33 Clarke | 34301002178442 | 04/17/2026 | 03/09/2026 | 03/09/2026 | 24.95 | 02/03/2026 | BOOK |
